01107cam a22003011 4500001001300000003000400013005001700017008004100034010001700075035001900092040003100111042001200142050002200154082001600176086001600192100003400208245020900242260004800451300003700499410005500536500004900591504002800640650004000668650003800708650001900746650002300765999001700788gs 60000191 DLC20260227111409.0780330s1960 dcua f000 0 eng  ags 60000191  a(OCoLC)3763968 aDLCcUSlWdISSdOCoLCdDLC apremarc00aQE75b.P9 no. 332 a551.77097880 aI 19.16:3321 aFisher, Daniel Jerome,d1896-10aCretaceous and Tertiary formations of the Book Cliffs, Carbon, Emery, and Grand Counties, Utah, and Garfield and Mesa Counties, Colorado,cby D. Jerome Fisher, Charles E. Erdmann, and John B. Reeside, Jr. aWashington,bU.S. Govt. Print. Off.,c1960. aiv, 80 p.billus., maps,c30 cm.20aGeological Survey (U.S.).tProfessional paperv332 aPart of illustrative matter fold. in pocket. aBibliography: p. 76-78. 0aGeology, StratigraphicyCretaceous. 0aGeology, StratigraphicyTertiary. 0aGeologyzUtah. 0aGeologyzColorado. c29442d29442